| 000 | 01656nam a22005177a 4500 | ||
|---|---|---|---|
| 005 | 20190116120657.0 | ||
| 008 | 181126b xxu||||| |||| 00| 0 spa d | ||
| 020 | _a9789586828369 | ||
| 041 | _aspa | ||
| 082 | _a620.86 M268s | ||
| 100 |
_aMancera Fernández, Mario _950824 |
||
| 100 |
_aMancera Ruiz, María Teresa _950825 |
||
| 100 |
_aMancera Ruiz, Mario Román _950826 |
||
| 100 |
_aMancera Ruiz, Juan Ricardo _950827 |
||
| 245 | _aSeguridad e higiene industrial: gestión de riesgos | ||
| 260 | _aMéxico | ||
| 260 | _bAlfaomega | ||
| 260 | _c2013 | ||
| 300 | _a446 páginas | ||
| 650 |
_aSALUD OCUPACIONAL _9253 |
||
| 650 |
_aINGENIERÍA OCUPACIONAL _950814 |
||
| 650 |
_aHIGIENE _912692 |
||
| 650 |
_aSEGURIDAD INDUSTRIAL _96911 |
||
| 650 |
_aRIESGO ELÉCTRICO _914617 |
||
| 650 |
_aRIESGO LOCATIVO _950828 |
||
| 650 |
_aRIESGO MECÁNICO _950829 |
||
| 650 |
_aALMACENAMIENTO _911525 |
||
| 650 |
_aRIESGO POR INCENDIO _950830 |
||
| 650 |
_aTRABAJOS DE ALTO RIESGO _950831 |
||
| 650 |
_aRIESGO POR RUIDO _950832 |
||
| 650 |
_aRIESGO POR VIBRACIONES _950833 |
||
| 650 |
_aRIESGO POR TEMPERATURA _950834 |
||
| 650 |
_aRIESGO POR ILUMINACIÓN _950835 |
||
| 650 |
_aRIESGO POR RADIACIONES _950836 |
||
| 650 |
_aCONTAMINANTES QUÍMICOS _950837 |
||
| 650 |
_aRIESGO BIOLÓGICO _98548 |
||
| 650 |
_aRIEGO ERGONÓMICO _950839 |
||
| 650 |
_aRIESGO BIOLÓGICO _98548 |
||
| 650 |
_aGESTIÓN DE SALUD _950840 |
||
| 650 |
_aEQUIPO DE PROTECCIÓN PERSONAL _950841 |
||
| 650 |
_aMANTENIMIENTO _9757 |
||
| 650 |
_aPREVENCIÓN _9215 |
||
| 650 |
_aMEDICINA DE TRABAJO _924263 |
||
| 650 |
_aSEÑALIZACIÓN _915639 |
||
| 942 | _cBK | ||
| 999 |
_c11365 _d11365 |
||